Oracle database AJAX & PHP web application development / (Record no. 14506)

MARC details
000 -LEADER
fixed length control field 04150nam a22005177a 4500
005 - DATE AND TIME OF LATEST TRANSACTION
control field 20080721155623.0
008 - FIXED-LENGTH DATA ELEMENTS--GENERAL INFORMATION
fixed length control field 080814t xxu||||| |||| 00| 0 eng d
010 ## - LCCN (DPL NO)
LC control number ENG-90547 B-311625-635
020 ## - INTERNATIONAL STANDARD BOOK NUMBER
International Standard Book Number 0070248591
Terms of availability 495.00
020 ## - INTERNATIONAL STANDARD BOOK NUMBER
International Standard Book Number 9780070248595
Terms of availability 495.00
035 ## - SYSTEM CONTROL NUMBER
System control number EN-74080
035 ## - SYSTEM CONTROL NUMBER
System control number B-311625-635
035 ## - SYSTEM CONTROL NUMBER
System control number B-357620
037 ## - SOURCE OF ACQUISITION
Source of stock number/acquisition DBAD / PUB
037 ## - SOURCE OF ACQUISITION
Source of stock number/acquisition UBH
040 ## - CATALOGING SOURCE
Original cataloging agency DPL
Language of cataloging EN
082 ## - DEWEY DECIMAL CLASSIFICATION NUMBER
Classification number 006.78
100 ## - MAIN ENTRY--PERSONAL NAME
Personal name Barney, Lee.
245 ## - TITLE STATEMENT
Title Oracle database AJAX & PHP web application development /
Statement of responsibility, etc by Lee Barney [and] Michael McLaughlin
246 ## - VARYING FORM OF TITLE
Title proper/short title Oracle database AJAX and PHP web application development
260 ## - PUBLICATION, DISTRIBUTION, ETC. (IMPRINT)
Place of publication, distribution, etc New Delhi
Name of publisher, distributor, etc Tata McGraw-Hill Publishing
Date of publication, distribution, etc 2008
270 ## - ADDRESS
Address 7, West Patel Nagar
City New Delhi
Postal code 110008
300 ## - PHYSICAL DESCRIPTION
Extent xvii, 458 p. :
Other physical details ill.
Dimensions 23 cm. (pbk)
500 ## - GENERAL NOTE
General note Includes index
650 ## - SUBJECT ADDED ENTRY--TOPICAL TERM
Topical term or geographic name as entry element Database management.
650 ## - SUBJECT ADDED ENTRY--TOPICAL TERM
Topical term or geographic name as entry element Ajax (Web site development technology)
650 ## - SUBJECT ADDED ENTRY--TOPICAL TERM
Topical term or geographic name as entry element PHP (Computer program language)
700 ## - ADDED ENTRY--PERSONAL NAME
Personal name McLaughlin, Michael
942 ## - ADDED ENTRY ELEMENTS (KOHA)
Source of classification or shelving scheme Dewey Decimal Classification
Item type English Books
Classification part 006.78
Call number suffix BAR
Holdings
Withdrawn status Lost status Damaged status Not for loan Collection code Home library Current library Date acquired Source of acquisition Cost, normal purchase price Total Checkouts Full call number Barcode Date last seen Copy number Cost, replacement price Koha item type Source of classification or shelving scheme Total Renewals
        Non-fiction Bawana Bawana 18/05/2009 UBH/280/19.1.09/265/12.12.08/20.1.09 495.00   006.78 BAR B-311634 18/05/2009 1 495.00 English Books Dewey Decimal Classification  
        Non-fiction Central Library Central Library 18/05/2009 UBH/280/19.1.09/265/12.12.08/20.1.09 495.00 3 006.78 BAR B-311625 13/10/2022 1 495.00 English Books Dewey Decimal Classification  
      Not For Loan Non-fiction D.B.Act.Division D.B.Act.Division 21/07/2008 DBAD / PUB 495.00   006.78 BAR EN-74080 15/09/2008 1 495.00 English Books    
        Non-fiction Janak Puri Janak Puri 12/09/2009 UBH/095/8.9.09/94/4.9.09/11.9.09 525.00 41 006.78 BAR B-357620 23/04/2024 1 525.00 English Books Dewey Decimal Classification 12
        Non-fiction Karol Bagh Karol Bagh 18/05/2009 UBH/280/19.1.09/265/12.12.08/20.1.09 495.00   006.78 BAR B-311632 18/05/2009 1 495.00 English Books Dewey Decimal Classification  
        Non-fiction Mobile Library Mobile Library 18/05/2009 UBH/280/19.1.09/265/12.12.08/20.1.09 495.00   006.78 BAR B-311626 18/05/2009 2 495.00 English Books Dewey Decimal Classification  
        Non-fiction Mobile Library Mobile Library 18/05/2009 UBH/280/19.1.09/265/12.12.08/20.1.09 495.00   006.78 BAR B-311627 18/05/2009 2 495.00 English Books Dewey Decimal Classification  
        Non-fiction Narela Narela 18/05/2009 UBH/280/19.1.09/265/12.12.08/20.1.09 495.00   006.78 BAR B-311633 18/05/2009 1 495.00 English Books Dewey Decimal Classification  
        Non-fiction Patel Nagar Patel Nagar 18/05/2009 UBH/280/19.1.09/265/12.12.08/20.1.09 495.00   006.78 BAR B-311628 18/05/2009 1 495.00 English Books Dewey Decimal Classification  
        Non-fiction Peshwa Road Peshwa Road 18/05/2009 UBH/280/19.1.09/265/12.12.08/20.1.09 495.00   006.78 BAR B-311629 18/05/2009 1 495.00 English Books Dewey Decimal Classification  
Withdrawn       Non-fiction Sarojini Nagar Sarojini Nagar 18/05/2009 UBH/280/19.1.09/265/12.12.08/20.1.09 495.00 42 006.78 BAR B-311630 21/03/2016 1 495.00 English Books Dewey Decimal Classification 2
        Non-fiction Shahdara Branch Shahdara Branch 18/05/2009 UBH/280/19.1.09/265/12.12.08/20.1.09 495.00   006.78 BAR B-311635 18/05/2009 1 495.00 English Books Dewey Decimal Classification  
        Non-fiction Vinoba Puri Vinoba Puri 18/05/2009 UBH/280/19.1.09/265/12.12.08/20.1.09 495.00 9 006.78 BAR B-311631 29/03/2014 1 495.00 English Books Dewey Decimal Classification 3

© Delhi Public Library
Hit Counter
free hit counter